[Event "1. Wittelsbacher Weihnachts-Schach-Open"]
[Site "Kelheim"]
[Date "2012.12.28"]
[Round "5.37"]
[White "Böse, Christina"]
[Black "Eichinger, Bernd"]
[Result "0-1"]
[WhiteElo "1202"]
[BlackElo "1315"]
[PlyCount "80"]
[EventDate "2012.??.??"]
[WhiteTeam "SC Bechhofen 1923 e.V."]
[BlackTeam "SK Schwandorf"]

1. e4 d5 2. exd5 Qxd5 3. Nc3 Qa5 4. d4 c6 5. Nf3 Bg4 6. Be2 Nf6 7. O-O Qc7 8.
Bg5 Nbd7 9. Qd2 e6 10. Bf4 Bd6 11. Bxd6 Qxd6 12. Rfd1 O-O 13. a3 Rfd8 14. Qe3
Nb6 15. Bd3 Nfd5 16. Nxd5 Nxd5 17. Qg5 Bxf3 18. gxf3 Nf4 19. Qh4 Nxd3 20. Rxd3
Rd7 21. Kh1 h6 22. Rg1 Kh8 23. Qg4 Rg8 24. Qg3 Qd5 25. Re1 Qa2 26. Rb3 Rxd4 27.
Qg1 Rgd8 28. Kg2 R8d5 29. Kh1 Rd2 30. Rc1 Rxc2 31. Rxb7 Rxb2 32. Rxb2 Qxb2 33.
Rxc6 Qxa3 34. Rc8+ Kh7 35. h4 Qxf3+ 36. Qg2 Qxg2+ 37. Kxg2 Rd7 38. f4 Kg6 39.
Kg3 Kf5 40. Rc5+ Rd5 0-1

[Event "1. Wittelsbacher Weihnachts-Schach-Open"]
[Site "Kelheim"]
[Date "2012.12.28"]
[Round "5.38"]
[White "Obermeier, Johannes"]
[Black "Schwab, Leon"]
[Result "1/2-1/2"]
[WhiteElo "1310"]
[BlackElo "1014"]
[PlyCount "64"]
[EventDate "2012.??.??"]
[WhiteTeam "SK Kelheim 1920"]
[BlackTeam "SK Kelheim 1920"]

1. e4 c5 2. d4 cxd4 3. c3 d3 4. Bxd3 d6 5. Nf3 Nc6 6. O-O g6 7. h3 Bg7 8. Be3
Nf6 9. c4 b6 10. Nc3 O-O 11. Rc1 Bb7 12. a3 Nd7 13. b4 Nde5 14. Nxe5 Nxe5 15.
Be2 Rc8 16. Qb3 Qc7 17. Nd5 Qd8 18. Bg5 f6 19. Be3 e6 20. Nc3 f5 21. f4 Nd7 22.
Bf3 Kh8 23. Rfd1 e5 24. Rxd6 exf4 25. Bxf4 fxe4 26. Bg4 Rc7 27. Nb5 Rc6 28.
Rxd7 Qe8 29. Nd6 Qa8 30. c5 Rxf4 31. Rxb7 Bd4+ 32. Kh2 Be5 1/2-1/2

[Event "1. Wittelsbacher Weihnachts-Schach-Open"]
[Site "Kelheim"]
[Date "2012.12.28"]
[Round "5.39"]
[White "Barani, Christian"]
[Black "Fritsch, Julian"]
[Result "1/2-1/2"]
[WhiteElo "1150"]
[BlackElo "1300"]
[PlyCount "81"]
[EventDate "2012.??.??"]
[WhiteTeam "SC Bechhofen 1923 e.V."]
[BlackTeam "SK Kelheim 1920"]

1. e4 d6 2. d4 Nf6 3. Nc3 g6 4. Nf3 Bg7 5. Bc4 O-O 6. Be3 Nbd7 7. b4 a6 8. h3
b5 9. Bb3 Bb7 10. Qd3 Rc8 11. e5 dxe5 12. dxe5 Nh5 13. e6 Ne5 14. exf7+ Nxf7
15. Rd1 Qxd3 16. Rxd3 Rcd8 17. Ne2 Rxd3 18. cxd3 Kh8 19. Rg1 Bxf3 20. gxf3 Ne5
21. Nd4 Nxd3+ 22. Kd2 Ne5 23. Rc1 Nxf3+ 24. Nxf3 Rxf3 25. Rxc7 e5 26. Ra7 Rf6
27. Bc5 Bf8 28. Ra8 Kg7 29. Ra7+ Kh6 30. Be3+ Nf4 31. Bg8 Bxb4+ 32. Kc2 Kg5 33.
Rxh7 a5 34. Rb7 Kf5 35. Bxf4 Kxf4 36. Rxb5 Rc6+ 37. Kb2 Rf6 38. Kb3 Ke4 39.
Bd5+ Kd4 40. f3 Rd6 41. Ba8 1/2-1/2

[Event "1. Wittelsbacher Weihnachts-Schach-Open"]
[Site "Kelheim"]
[Date "2012.12.28"]
[Round "5.40"]
[White "Böse, Carolin"]
[Black "Glück, Ulrich"]
[Result "1/2-1/2"]
[WhiteElo "1179"]
[BlackElo "1748"]
[PlyCount "41"]
[EventDate "2012.??.??"]
[WhiteTeam "SC Bechhofen 1923 e.V."]
[BlackTeam "MSA Zugzwang 82 e.V."]

1. e4 c5 2. Nc3 e6 3. Nf3 Nc6 4. d4 cxd4 5. Nxd4 a6 6. Bc4 Na5 7. Qd3 Ne7 8.
Nf3 Nxc4 9. Qxc4 Nc6 10. e5 Be7 11. O-O b5 12. Qe4 Bb7 13. Bf4 Qb6 14. Be3 Qc7
15. Rfe1 Nb4 16. Qg4 Bxf3 17. Qxf3 O-O 18. Rac1 Rac8 19. Qg3 Rfe8 20. a3 Nc6
21. Bh6 1/2-1/2

[Event "1. Wittelsbacher Weihnachts-Schach-Open"]
[Site "Kelheim"]
[Date "2012.12.28"]
[Round "5.41"]
[White "Thamm, Felix"]
[Black "Mühlich, Cornelius"]
[Result "1/2-1/2"]
[WhiteElo "810"]
[BlackElo "1073"]
[PlyCount "81"]
[EventDate "2012.??.??"]
[WhiteTeam "SF Tegernheim"]
[BlackTeam "SK Kelheim 1920"]

1. e4 c6 2. d4 d5 3. exd5 cxd5 4. Nf3 Bf5 5. Bf4 Nc6 6. c3 Nf6 7. Nbd2 e6 8.
Bb5 Bd6 9. Bxd6 Qxd6 10. O-O O-O 11. h3 a6 12. Ba4 b5 13. Bc2 Bxc2 14. Qxc2
Rfc8 15. Rfe1 Na5 16. Ne5 Nd7 17. Nxd7 Qxd7 18. Qd3 Nc4 19. Nxc4 Rxc4 20. Qg3
Qc7 21. Qxc7 Rxc7 22. Re3 a5 23. Rb1 g6 24. Kf1 Rb8 25. Re2 b4 26. Rc1 a4 27.
Rec2 b3 28. axb3 Rxb3 29. Ra1 Rcb7 30. Ra2 Ra7 31. Ke2 a3 32. bxa3 Raxa3 33.
Rxa3 Rxa3 34. Kf3 Kg7 35. Kf4 Kf6 36. g4 g5+ 37. Kf3 e5 38. dxe5+ Kxe5 39. Re2+
Kd6 40. Rc2 Kc5 41. Ke2 1/2-1/2

[Event "1. Wittelsbacher Weihnachts-Schach-Open"]
[Site "Kelheim"]
[Date "2012.12.29"]
[Round "6.1"]
[White "Meskovs, Nikita"]
[Black "Fernandez-Garcia, Relman"]
[Result "1-0"]
[WhiteElo "2314"]
[BlackElo "2067"]
[PlyCount "49"]
[EventDate "2012.??.??"]
[BlackTeam "SG Schwabing München Nord e.V."]

1. Nf3 d5 2. d4 Nf6 3. c4 e6 4. Nc3 a6 5. cxd5 exd5 6. Bg5 Be7 7. Qc2 Nc6 8. a3
O-O 9. e3 Re8 10. Bd3 h6 11. Bh4 Be6 12. O-O Ng4 13. Bg3 Bd6 14. Na4 Bxg3 15.
hxg3 Qd6 16. Rfc1 Re7 17. Nc5 Nd8 18. b4 g6 19. Qc3 Bc8 20. e4 dxe4 21. Nxe4
Qb6 22. Ne5 Nxe5 23. dxe5 Nc6 24. Nf6+ Kg7 25. Nd5 1-0

[Event "1. Wittelsbacher Weihnachts-Schach-Open"]
[Site "Kelheim"]
[Date "2012.12.29"]
[Round "6.2"]
[White "Pezerovic, Edin"]
[Black "Kantans, Toms"]
[Result "1/2-1/2"]
[WhiteElo "2442"]
[BlackElo "2355"]
[PlyCount "109"]
[EventDate "2012.??.??"]
[WhiteTeam "Münchener SC 1836 e.V."]

1. d4 Nf6 2. Bg5 Ne4 3. Bf4 c5 4. e3 Qb6 5. Nc3 Qa5 6. Nge2 d5 7. dxc5 e6 8. a3
Nxc3 9. Nxc3 Qxc5 10. Nb5 Na6 11. b4 Qb6 12. c4 dxc4 13. Bxc4 Bd7 14. Nd6+ Bxd6
15. Qxd6 Rc8 16. Be2 f6 17. Qxb6 axb6 18. e4 Ba4 19. O-O Ke7 20. Rac1 Kd7 21.
Be3 b5 22. e5 fxe5 23. Bf3 Rxc1 24. Rxc1 Rc8 25. Bxb7 Rxc1+ 26. Bxc1 Nc7 27.
Be4 g6 28. f3 Nd5 29. Kf2 Bb3 30. h4 Bc4 31. g3 Kd6 32. Bc2 Nf6 33. Bg5 Nh5 34.
a4 bxa4 35. Bxa4 Kd5 36. Bd7 Ba6 37. Be7 Bb7 38. Ba4 e4 39. Bb3+ Ke5 40. g4 Nf4
41. fxe4 Bxe4 42. b5 Nd5 43. Bc5 Nc3 44. b6 Bb7 45. Be3 Ne4+ 46. Ke2 Ba6+ 47.
Kf3 Bb7 48. Ke2 Ba6+ 49. Kd1 Nf6 50. g5 Nd5 51. Kd2 Kf5 52. Bd1 e5 53. Bf3 Bb7
54. Be2 Nf4 55. Bf2 1/2-1/2

[Event "1. Wittelsbacher Weihnachts-Schach-Open"]
[Site "Kelheim"]
[Date "2012.12.29"]
[Round "6.3"]
[White "Berchtenbreiter, Maximilian"]
[Black "Vilsmeier, Christian"]
[Result "1-0"]
[WhiteElo "2360"]
[BlackElo "1755"]
[PlyCount "63"]
[EventDate "2012.??.??"]
[WhiteTeam "SGem Pang/Rosenheim"]
[BlackTeam "DJK-Regensburg Nord e.V."]

1. d4 e6 2. c4 d5 3. Nc3 Nf6 4. Bg5 Be7 5. e3 O-O 6. Nf3 b6 7. Be2 Bb7 8. O-O
Nbd7 9. Rc1 c5 10. cxd5 exd5 11. dxc5 Nxc5 12. Nd4 Nfe4 13. Bxe7 Qxe7 14. a3
Rac8 15. Bg4 Nxc3 16. Rxc3 Ne6 17. Qd2 Rxc3 18. Qxc3 Rc8 19. Qd2 Rc4 20. Be2
Nxd4 21. Bxc4 Nf3+ 22. gxf3 Qg5+ 23. Kh1 dxc4 24. Qe2 Qg4 25. e4 Qf4 26. Rg1 g6
27. Rd1 Ba6 28. Qe3 Qh4 29. Qd4 Qf4 30. Qc3 f5 31. Rd7 Qh6 32. Qf6 1-0

[Event "1. Wittelsbacher Weihnachts-Schach-Open"]
[Site "Kelheim"]
[Date "2012.12.29"]
[Round "6.4"]
[White "Maier, Alexander"]
[Black "Kreuzer, Helmut"]
[Result "1-0"]
[WhiteElo "2306"]
[BlackElo "2132"]
[PlyCount "57"]
[EventDate "2012.??.??"]
[WhiteTeam "SK Ingolstadt"]
[BlackTeam "SK Kelheim 1920"]

1. e4 c5 2. Nf3 Nc6 3. Bb5 g6 4. O-O Bg7 5. c3 Nf6 6. d4 cxd4 7. cxd4 Nxe4 8.
d5 Nd6 9. Na3 Ne5 10. Nxe5 Bxe5 11. Re1 Bf6 12. Bh6 Nf5 13. Qd2 Bg7 14. Bxg7
Nxg7 15. d6 e6 16. Bd3 a6 17. Nc4 b6 18. Qh6 Kf8 19. Re3 Bb7 20. Ne5 Rc8 21.
Rae1 Kg8 22. Rh3 Rc5 23. b4 Rd5 24. Qf4 f5 25. Bc4 Rxd6 26. Nxg6 hxg6 27. Rxh8+
Kxh8 28. Qxd6 Qg5 29. Qb8+ 1-0

[Event "1. Wittelsbacher Weihnachts-Schach-Open"]
[Site "Kelheim"]
[Date "2012.12.29"]
[Round "6.5"]
[White "Eibl, Maximilian"]
[Black "Gießmann, Stephan"]
[Result "1/2-1/2"]
[WhiteElo "2137"]
[BlackElo "2245"]
[PlyCount "82"]
[EventDate "2012.??.??"]
[WhiteTeam "SK Kelheim 1920"]
[BlackTeam "SK Kelheim 1920"]

1. e4 e6 2. b3 d5 3. Bb2 Nf6 4. e5 Nfd7 5. Qg4 c5 6. f4 Nc6 7. Nf3 b6 8. Bb5
Bb7 9. f5 exf5 10. Qxf5 Qe7 11. Nc3 Qe6 12. Qf4 a6 13. Bxc6 Bxc6 14. O-O-O h6
15. d4 Be7 16. h4 O-O-O 17. Qd2 Kb7 18. Rhe1 g5 19. dxc5 bxc5 20. hxg5 hxg5 21.
Nxg5 Qf5 22. Nf3 d4 23. Ne2 Nxe5 24. Ng3 Qg6 25. Rxe5 Bd6 26. Rg5 Qf6 27. Nf5
Bc7 28. Ba3 Bxf3 29. gxf3 Rh2 30. Rg2 Qxf5 31. Kb1 Rdh8 32. Rxh2 Rxh2 33. Qd3
Qxd3 34. cxd3 Ba5 35. Bxc5 Bc3 36. Ba3 Rf2 37. Rc1 Rxf3 38. Bb2 Bxb2 39. Kxb2
Rxd3 40. Rf1 Rd2+ 41. Kb1 Kb6 1/2-1/2

[Event "1. Wittelsbacher Weihnachts-Schach-Open"]
[Site "Kelheim"]
[Date "2012.12.29"]
[Round "6.6"]
[White "Promyshlyanskyy, Vitaliy"]
[Black "Watzenberger, Stefan"]
[Result "1-0"]
[WhiteElo "2237"]
[BlackElo "1898"]
[PlyCount "63"]
[EventDate "2012.??.??"]
[WhiteTeam "SC Noris-Tarrasch Nürnberg 1873"]
[BlackTeam "SC Sendling e.V."]

1. e4 e6 2. d4 d5 3. Nd2 c5 4. exd5 Qxd5 5. Ngf3 cxd4 6. Bc4 Qd6 7. O-O Nf6 8.
Nb3 Nc6 9. Nbxd4 Nxd4 10. Nxd4 a6 11. Re1 Qc7 12. Qe2 Bd6 13. Bg5 Bxh2+ 14. Kh1
Kf8 15. Rad1 h6 16. Bxf6 gxf6 17. Bxe6 Be5 18. Bb3 Rg8 19. Qe4 Rg6 20. Nf3 Bg4
21. Nxe5 fxe5 22. f3 Be6 23. Qxe5 Qxe5 24. Rxe5 Ke7 25. f4 Rf6 26. g3 Rg8 27.
Kg2 Rfg6 28. Re3 Kf6 29. Rd6 Ke7 30. Rb6 Kd8 31. Rxb7 Kc8 32. Rxf7 1-0

[Event "1. Wittelsbacher Weihnachts-Schach-Open"]
[Site "Kelheim"]
[Date "2012.12.29"]
[Round "6.7"]
[White "Maurer, Heinrich"]
[Black "Fuhrmann, Max"]
[Result "1/2-1/2"]
[WhiteElo "2131"]
[BlackElo "2155"]
[PlyCount "87"]
[EventDate "2012.??.??"]
[WhiteTeam "SK Kelheim 1920"]
[BlackTeam "SK Kelheim 1920"]

1. e4 c6 2. d4 d5 3. Nc3 dxe4 4. Nxe4 Bf5 5. Ng3 Bg6 6. h4 h6 7. h5 Bh7 8. Nf3
Nf6 9. Bd3 Bxd3 10. Qxd3 e6 11. Bd2 Nbd7 12. O-O-O Qc7 13. Ne4 Nxe4 14. Qxe4
Nf6 15. Qe2 O-O-O 16. g3 Bd6 17. c4 c5 18. Bc3 cxd4 19. Nxd4 a6 20. Nf3 Rhe8
21. a3 Qc6 22. Bxf6 gxf6 23. Rd2 Bc5 24. Rhd1 Qa4 25. Rxd8+ Rxd8 26. Rxd8+ Kxd8
27. Ne1 Ke8 28. Nc2 Qb3 29. f3 f5 30. Na1 Qb6 31. Nc2 Bf8 32. g4 Bg7 33. b4
fxg4 34. fxg4 Qg1+ 35. Kd2 Qg3 36. Ne3 Bf6 37. Qg2 Qe5 38. Qxb7 Qb2+ 39. Kd3
Qxa3+ 40. Ke4 Bg5 41. Qc8+ Ke7 42. Qc5+ Ke8 43. Qc8+ Ke7 44. Qc5+ 1/2-1/2

[Event "1. Wittelsbacher Weihnachts-Schach-Open"]
[Site "Kelheim"]
[Date "2012.12.29"]
[Round "6.8"]
[White "Strobel, Christian"]
[Black "Weigert, Wilhelm"]
[Result "0-1"]
[WhiteElo "2068"]
[BlackElo "2024"]
[PlyCount "100"]
[EventDate "2012.??.??"]
[WhiteTeam "TSV Kareth-Lappersdorf"]
[BlackTeam "SK Kelheim 1920"]

1. e4 d6 2. Nc3 g6 3. g3 Bg7 4. Bg2 Nc6 5. d3 Nf6 6. f4 Bg4 7. Nce2 e5 8. h3
Bxe2 9. Nxe2 d5 10. fxe5 Nxe5 11. exd5 Nxd5 12. O-O c6 13. c3 O-O 14. d4 Nc4
15. Qd3 b5 16. b3 Ncb6 17. Bd2 Qd7 18. c4 bxc4 19. bxc4 Nc7 20. Rad1 Rad8 21.
Bg5 Rde8 22. d5 cxd5 23. cxd5 Ncxd5 24. Bxd5 Qxd5 25. Qxd5 Nxd5 26. Rfe1 Re5
27. Bc1 Rfe8 28. Kf2 Nc3 29. Nxc3 Rxe1 30. Rxe1 Rxe1 31. Kxe1 Bxc3+ 32. Ke2 h5
33. Be3 a6 34. Kd3 Be1 35. Bf4 f6 36. Ke4 Kf7 37. Kd5 Ke7 38. g4 hxg4 39. hxg4
Kd7 40. a4 Ba5 41. Bd6 f5 42. gxf5 gxf5 43. Bf4 Bc7 44. Bxc7 Kxc7 45. Ke5 Kb6
46. Kxf5 Ka5 47. Ke4 Kxa4 48. Kd3 Kb3 49. Kd2 Kb2 50. Kd3 a5 0-1

[Event "1. Wittelsbacher Weihnachts-Schach-Open"]
[Site "Kelheim"]
[Date "2012.12.29"]
[Round "6.9"]
[White "Seifert, Werner"]
[Black "Braun, Thomas"]
[Result "1-0"]
[WhiteElo "2000"]
[BlackElo "2162"]
[PlyCount "159"]
[EventDate "2012.??.??"]
[WhiteTeam "SAbt SV Weiss-BL.Allianz"]
[BlackTeam "FC Bayern München e.V."]

1. e4 e6 2. d4 d5 3. e5 c5 4. c3 Nc6 5. Nf3 Bd7 6. Bd3 cxd4 7. cxd4 Qb6 8. O-O
Nxd4 9. Nxd4 Qxd4 10. Nc3 Qxe5 11. Re1 Qb8 12. Nxd5 Bd6 13. Qh5 Kf8 14. Nc3 Nf6
15. Qh4 a6 16. Bg5 Be7 17. Rad1 Bc6 18. Ne4 Nd5 19. Bxe7+ Nxe7 20. Nc5 Nd5 21.
Qg4 Qf4 22. Qe2 Qh4 23. Qe5 Qf6 24. Qd6+ Qe7 25. Ne4 Qxd6 26. Nxd6 Rd8 27. Nc4
b5 28. Ne5 Bb7 29. Be4 Ke7 30. f4 g6 31. g3 Rd6 32. Rc1 Rc8 33. Rxc8 Bxc8 34.
Rc1 Bd7 35. Kf1 f6 36. Nd3 Kd8 37. Nc5 Bc8 38. Ke2 a5 39. a3 Nb6 40. b4 Nc4 41.
Bd3 axb4 42. axb4 Rd4 43. Ra1 Nd6 44. Ra7 Rxb4 45. Rxh7 Nf5 46. Ne4 Rb2+ 47.
Kf3 Bd7 48. Nxf6 Bc6+ 49. Be4 Rb3+ 50. Kg4 Bxe4 51. Nxe4 b4 52. Kg5 Re3 53. Nc5
Ne7 54. Kf6 Nd5+ 55. Kxg6 Nc7 56. Rh8+ Ke7 57. Rb8 Kd6 58. Nb7+ Kc6 59. Nd8+
Kc5 60. Kf6 Nd5+ 61. Kf7 e5 62. f5 Nb6 63. Ne6+ Kb5 64. Nc7+ Kc6 65. Rxb6+ Kxb6
66. Nd5+ Kb5 67. Nxe3 b3 68. Nd1 e4 69. Kg7 e3 70. f6 e2 71. Nc3+ Kc4 72. Nxe2
b2 73. f7 b1=Q 74. f8=Q Qb2+ 75. Kg6 Qxe2 76. Qf4+ Kd5 77. h4 Qe6+ 78. Kg5 Qg8+
79. Kh5 Qe8+ 80. Kg4 1-0

[Event "1. Wittelsbacher Weihnachts-Schach-Open"]
[Site "Kelheim"]
[Date "2012.12.29"]
[Round "6.10"]
[White "Kaiser, Dominik"]
[Black "Stöckl, Stephan"]
[Result "0-1"]
[WhiteElo "1801"]
[BlackElo "2126"]
[PlyCount "46"]
[EventDate "2012.??.??"]
[WhiteTeam "TSV Kareth-Lappersdorf"]
[BlackTeam "SK Schwandorf"]

1. e4 c5 2. d4 cxd4 3. c3 dxc3 4. Nxc3 Nc6 5. Nf3 e6 6. Bc4 Qc7 7. Qe2 Nf6 8.
O-O Ng4 9. Nb5 Qb8 10. h3 h5 11. g3 a6 12. hxg4 axb5 13. Bxb5 hxg4 14. Bxc6
bxc6 15. Nh2 Ba6 16. Qxg4 Bxf1 17. Nxf1 Qe5 18. Nd2 Ra4 19. Qd1 Bc5 20. Kg2
Rxe4 21. Nxe4 Qxe4+ 22. f3 Qh7 23. f4 Qe4+ 0-1

[Event "1. Wittelsbacher Weihnachts-Schach-Open"]
[Site "Kelheim"]
[Date "2012.12.29"]
[Round "6.11"]
[White "Kümpers, Ulrich"]
[Black "Strasser, Josef"]
[Result "1-0"]
[WhiteElo "2066"]
[BlackElo "1915"]
[PlyCount "71"]
[EventDate "2012.??.??"]
[WhiteTeam "SC Tarrasch 45 München"]
[BlackTeam "Schach-Union München e.V."]

1. d4 Nf6 2. c4 e6 3. Nf3 b6 4. g3 Bb7 5. Bg2 Bb4+ 6. Bd2 Bxd2+ 7. Qxd2 O-O 8.
O-O d6 9. Nc3 Ne4 10. Qc2 Nxc3 11. Qxc3 Nd7 12. Rfe1 Qe7 13. e4 e5 14. d5 a5
15. b3 Nc5 16. Nd2 Bc8 17. a3 Nd7 18. f4 f6 19. b4 axb4 20. axb4 Bb7 21. Bh3 g5
22. Be6+ Kg7 23. Nf3 h6 24. h4 exf4 25. Nd4 Qe8 26. Rxa8 Bxa8 27. gxf4 gxf4 28.
Kh1 Kh7 29. Rg1 Ne5 30. Nf5 Qh5 31. Qh3 Qe2 32. Ne7 Qf3+ 33. Qxf3 Nxf3 34. Bf5+
Kh8 35. Rg6 Ne5 36. Rxh6+ 1-0

[Event "1. Wittelsbacher Weihnachts-Schach-Open"]
[Site "Kelheim"]
[Date "2012.12.29"]
[Round "6.12"]
[White "Zwetz, Jasmin"]
[Black "Kues, Manuel"]
[Result "1/2-1/2"]
[WhiteElo "1730"]
[BlackElo "2002"]
[PlyCount "71"]
[EventDate "2012.??.??"]
[WhiteTeam "TSV Kareth-Lappersdorf"]
[BlackTeam "TSV Kareth-Lappersdorf"]

1. e4 c5 2. d4 cxd4 3. c3 dxc3 4. Nxc3 e6 5. Nf3 Nc6 6. Bc4 a6 7. a3 Nge7 8. b4
b5 9. Bb3 Ng6 10. O-O Be7 11. Be3 O-O 12. Qe2 Bf6 13. Rac1 d5 14. exd5 exd5 15.
Nxd5 Bb7 16. Rfd1 Re8 17. Qa2 Nce5 18. Nxe5 Bxe5 19. Nc7 Qh4 20. Bxf7+ Kh8 21.
h3 Rad8 22. Nxe8 Qe4 23. f3 Qxe3+ 24. Qf2 Qg5 25. Rxd8 Qxd8 26. Qc2 Qd4+ 27.
Kf1 Bh2 28. Bxg6 Qg1+ 29. Ke2 Qxg2+ 30. Ke3 Qxf3+ 31. Kd4 Qd5+ 32. Ke3 Qg5+ 33.
Ke2 Qg2+ 34. Ke3 Qf3+ 35. Kd4 Qd5+ 36. Ke3 1/2-1/2

[Event "1. Wittelsbacher Weihnachts-Schach-Open"]
[Site "Kelheim"]
[Date "2012.12.29"]
[Round "6.13"]
[White "Weber, Daniel"]
[Black "Schmidt, Franz"]
[Result "1-0"]
[WhiteElo "1866"]
[BlackElo "1883"]
[PlyCount "69"]
[EventDate "2012.??.??"]
[WhiteTeam "SC Bechhofen 1923 e.V."]
[BlackTeam "SK Abensberg"]

1. d4 d5 2. Nf3 Nf6 3. e3 a6 4. b3 Bf5 5. Bd3 Bxd3 6. Qxd3 c5 7. O-O cxd4 8.
exd4 e6 9. Bb2 Be7 10. Nbd2 O-O 11. Ne5 Nbd7 12. f4 Rc8 13. Rf3 Re8 14. Rh3 Nf8
15. g4 Ne4 16. Nxe4 dxe4 17. Qxe4 f6 18. Nc4 b5 19. Ne3 Bd6 20. c4 bxc4 21.
Nxc4 Bb8 22. Rd1 Ng6 23. f5 Nf8 24. Ba3 exf5 25. Qxf5 Ng6 26. d5 Re2 27. d6
Ba7+ 28. Kh1 Rf2 29. Qe6+ Kh8 30. d7 Rb8 31. Nd6 Nf4 32. Nf7+ Kg8 33. Nxd8+
Nxe6 34. Nxe6 Bb6 35. Bc5 1-0

[Event "1. Wittelsbacher Weihnachts-Schach-Open"]
[Site "Kelheim"]
[Date "2012.12.29"]
[Round "6.14"]
[White "Schindler, Gernot"]
[Black "Albrecht, Andreas"]
[Result "1-0"]
[WhiteElo "2023"]
[BlackElo "1756"]
[PlyCount "95"]
[EventDate "2012.??.??"]
[WhiteTeam "SK Kelheim 1920"]
[BlackTeam "Regensb. Turnerschaft"]

1. c4 e5 2. g3 Nf6 3. Nc3 Bb4 4. Bg2 O-O 5. Qb3 Bxc3 6. bxc3 c6 7. e4 d6 8. Ba3
Qc7 9. Rb1 c5 10. Ne2 Nc6 11. d3 Nd7 12. O-O Nb6 13. f4 Bg4 14. Rbe1 f6 15. Bc1
Qd7 16. f5 g5 17. fxg6 hxg6 18. Rf2 Qh7 19. Be3 Kg7 20. Bh1 Rf7 21. Qb2 Rh8 22.
Nc1 Bh3 23. Nb3 Qg8 24. Qe2 Rf8 25. Bf3 Qe6 26. Kh1 Na4 27. Bd2 Nb6 28. Rg1 Rh7
29. g4 Kf7 30. Rg3 Ke7 31. Qe3 Rh4 32. Qe2 Rfh8 33. Be3 Na4 34. Bd2 Nb6 35. Be1
Kd7 36. Nd2 Ne7 37. Nf1 R8h7 38. Ne3 Rf7 39. Qb2 Kc8 40. a4 Nc6 41. Qb5 Qd7 42.
a5 Na8 43. Bd1 Nc7 44. Qa4 Ne6 45. Nd5 Qd8 46. a6 Ne7 47. axb7+ Kb8 48. Ra2 1-0

[Event "1. Wittelsbacher Weihnachts-Schach-Open"]
[Site "Kelheim"]
[Date "2012.12.29"]
[Round "6.15"]
[White "Bartmann, Florian"]
[Black "Seitner, Ralf"]
[Result "1/2-1/2"]
[WhiteElo "1665"]
[BlackElo "1877"]
[PlyCount "37"]
[EventDate "2012.??.??"]
[WhiteTeam "SK Kelheim 1920"]
[BlackTeam "SK Neumarkt e.V."]

1. e4 Nf6 2. Nc3 d5 3. exd5 Nxd5 4. Nxd5 Qxd5 5. d4 Nc6 6. Be3 Bf5 7. Nf3 e6 8.
a3 O-O-O 9. Be2 Be7 10. O-O Bf6 11. c3 Na5 12. Qa4 Nc6 13. b4 a6 14. Nd2 Nb8
15. Bf3 b5 16. Qa5 Qd6 17. Ne4 Qb6 18. Nc5 Rde8 19. Qxb6 1/2-1/2

[Event "1. Wittelsbacher Weihnachts-Schach-Open"]
[Site "Kelheim"]
[Date "2012.12.29"]
[Round "6.16"]
[White "Winterholler, Christina"]
[Black "Meul, Willi"]
[Result "1/2-1/2"]
[WhiteElo "1880"]
[BlackElo "1856"]
[PlyCount "68"]
[EventDate "2012.??.??"]
[WhiteTeam "SK Ingolstadt"]
[BlackTeam "SV 1925 Hürth-Berrenra"]

1. e4 c5 2. Nf3 Nc6 3. Bb5 g6 4. Bxc6 dxc6 5. O-O Bg7 6. d3 e5 7. Be3 Qd6 8.
Nbd2 b6 9. a4 a5 10. Re1 Ba6 11. Nc4 Bxc4 12. dxc4 Qxd1 13. Raxd1 Rd8 14. c3 f6
15. b4 Bh6 16. Rxd8+ Kxd8 17. Rd1+ Kc7 18. bxa5 Bxe3 19. axb6+ Kxb6 20. fxe3
Ne7 21. Rd6 Rf8 22. Rd7 Re8 23. Kf2 g5 24. Nd2 h5 25. Nb3 Nc8 26. a5+ Ka6 27.
Rf7 Nd6 28. Nxc5+ Kxa5 29. Rxf6 Nxc4 30. Rf5 Kb5 31. Nd7 Nd6 32. Rxe5+ Rxe5 33.
Nxe5 Nxe4+ 34. Ke2 Nxc3+ 1/2-1/2

[Event "1. Wittelsbacher Weihnachts-Schach-Open"]
[Site "Kelheim"]
[Date "2012.12.29"]
[Round "6.17"]
[White "Zhou, Wile"]
[Black "Hessler, Markus"]
[Result "1-0"]
[WhiteElo "1947"]
[BlackElo "1762"]
[PlyCount "35"]
[EventDate "2012.??.??"]
[WhiteTeam "SK Kelheim 1920"]
[BlackTeam "SF Roding"]

1. e4 e6 2. d4 d5 3. e5 c5 4. c3 Nc6 5. Nf3 Qb6 6. Bd3 cxd4 7. cxd4 Bd7 8. O-O
f6 9. Nc3 f5 10. a3 a6 11. Be3 Nge7 12. b4 Na7 13. Rc1 Nec8 14. Bxf5 Nb5 15.
Na4 Qd8 16. Bh3 Nc7 17. Ng5 g6 18. Qf3 1-0

[Event "1. Wittelsbacher Weihnachts-Schach-Open"]
[Site "Kelheim"]
[Date "2012.12.29"]
[Round "6.18"]
[White "Schmitz, Marc"]
[Black "Klarl, Wolfgang"]
[Result "1-0"]
[WhiteElo "1674"]
[BlackElo "1817"]
[PlyCount "113"]
[EventDate "2012.??.??"]
[WhiteTeam "SV Saal/Donau e.V.SAbt"]
[BlackTeam "DJK-Regensburg Nord e.V."]

1. g4 d5 2. h3 e5 3. d3 Be6 4. Nc3 Nc6 5. Bg2 Nge7 6. e4 d4 7. Nce2 Ng6 8. Nf3
Qd7 9. Ng3 O-O-O 10. Ng5 Nh4 11. O-O Nxg2 12. Kxg2 f6 13. Nxe6 Qxe6 14. Qe2 Bc5
15. f4 exf4 16. Bxf4 Bd6 17. Bxd6 Qxd6 18. Nh5 Rd7 19. Rf2 Re8 20. Raf1 Ne5 21.
Qd2 Qb6 22. b3 a6 23. a4 Qc5 24. Rb1 Nc6 25. Rbf1 b6 26. Rf5 Re5 27. Rxe5 Nxe5
28. Rf2 Kb7 29. Ng3 a5 30. Nh5 Ka6 31. Ng3 c6 32. Nh5 b5 33. axb5+ cxb5 34. Nf4
b4 35. Nd5 Rb7 36. g5 Nd7 37. gxf6 gxf6 38. Qh6 Ka7 39. Qf4 Rb8 40. Kh2 Rf8 41.
Qc7+ Qxc7+ 42. Nxc7 f5 43. Rxf5 Rxf5 44. exf5 Kb6 45. Ne6 Kc6 46. Nxd4+ Kd5 47.
Nf3 Ne5 48. Nxe5 Kxe5 49. Kg3 Kxf5 50. Kf3 Ke5 51. Ke3 Kd5 52. d4 h5 53. h4 Kd6
54. Ke4 Ke6 55. d5+ Kd6 56. Kd4 Kd7 57. Kc5 1-0

[Event "1. Wittelsbacher Weihnachts-Schach-Open"]
[Site "Kelheim"]
[Date "2012.12.29"]
[Round "6.19"]
[White "Schmitz, Björn"]
[Black "Arnold, Sebastian"]
[Result "0-1"]
[WhiteElo "1629"]
[BlackElo "1857"]
[PlyCount "84"]
[EventDate "2012.??.??"]
[WhiteTeam "SV Saal/Donau e.V.SAbt"]
[BlackTeam "SK Kelheim 1920"]

1. d4 Nf6 2. c4 e6 3. Nc3 b6 4. Nf3 Bb7 5. Qc2 c5 6. e3 Be7 7. a3 cxd4 8. exd4
O-O 9. Bd3 d5 10. cxd5 Bxd5 11. Bg5 h6 12. Bxf6 Bxf6 13. Nxd5 exd5 14. O-O Re8
15. Rfe1 Rxe1+ 16. Rxe1 Nd7 17. Bb5 Rc8 18. Qa4 Rc7 19. h3 Nf8 20. Re8 Qd6 21.
g3 a5 22. b4 axb4 23. axb4 Rc1+ 24. Kg2 Rb1 25. Qa8 Rxb4 26. Bc6 Bxd4 27. Bxd5
Bc5 28. Qa2 Qf6 29. Ne5 Kh7 30. Qc2+ g6 31. Bxf7 Kg7 32. Bc4 Bd4 33. Nf3 Rb2
34. Qd1 Rxf2+ 35. Kh1 Rxf3 36. Re7+ Qxe7 37. Qxf3 Qe1+ 38. Kg2 Qd2+ 39. Kf1
Qc1+ 40. Kg2 Qxc4 41. Qb7+ Qf7 42. Qxf7+ Kxf7 0-1

[Event "1. Wittelsbacher Weihnachts-Schach-Open"]
[Site "Kelheim"]
[Date "2012.12.29"]
[Round "6.20"]
[White "Kunz, Konstantin"]
[Black "Brack, André"]
[Result "1-0"]
[WhiteElo "2228"]
[BlackElo "1818"]
[PlyCount "59"]
[EventDate "2012.??.??"]
[WhiteTeam "SC Kitzingen von 1905"]
[BlackTeam "Regensb. Turnerschaft"]

1. d4 d5 2. c4 c6 3. Nf3 Nf6 4. e3 g6 5. h3 Bg7 6. Nc3 e6 7. Bd3 Na6 8. O-O Nc7
9. b3 Qe7 10. a4 b6 11. e4 O-O 12. Ba3 c5 13. Qe2 Re8 14. Rad1 Bf8 15. Rfe1 Bb7
16. exd5 exd5 17. Qc2 Qd6 18. Rxe8 Rxe8 19. dxc5 bxc5 20. cxd5 Bxd5 21. Nxd5
Nfxd5 22. Bc4 Qc6 23. Bb2 Bg7 24. Ng5 Bxb2 25. Qxb2 Re7 26. f3 h6 27. Ne4 f5
28. Rxd5 Ne6 29. Rd8+ Kf7 30. Qf6# 1-0